000 00641nam a2200253Ia 4500
003 OSt
005 20221007105320.0
006 a|||||r|||| 00| 0
007 ta
008 221006b |||||||| |||| 00| 0 eng d
024 _a18,234
037 _cTextual
040 _aLCO
_cLCO
_beng
041 _2eng
_aeng
082 _aZ2,3, L2
100 _aJhabvala Noshirvan H.
_9101170
245 0 _aIndian Contract Act
250 _a17th
260 _aBombay
_bC. Jamandas and Company India
_c1972
300 _a295
650 _aCONTRACT
942 _hZ2,3, L2
_cTEXL
999 _c1187797
_d1187797